El cocodrilo / (Registro nro. 7220)

Detalles MARC
000 -LEADER
fixed length control field 00879nam a22002297a 4500
003 - CONTROL NUMBER IDENTIFIER
control field OSt
005 - DATE AND TIME OF LATEST TRANSACTION
control field 20250801103931.0
008 - FIXED-LENGTH DATA ELEMENTS--GENERAL INFORMATION
fixed length control field 210217b ||||gr|||| 00| 0 spa d
040 ## - CATALOGING SOURCE
Original cataloging agency CO-JMCR
Transcribing agency CO-JMCR
041 0# - LANGUAGE CODE
Language code of text/sound track or separate title spa
082 04 - DEWEY DECIMAL CLASSIFICATION NUMBER
Classification number A-C
Item number HERc
Edition number 23
100 1# - MAIN ENTRY--PERSONAL NAME
Personal name Hernández, Felisberto,
Dates associated with a name 1902-1965
Relator term autor
9 (RLIN) 13581
245 13 - TITLE STATEMENT
Title El cocodrilo /
Statement of responsibility, etc. Felisberto, Hernández,
260 ## - PUBLICATION, DISTRIBUTION, ETC.
Place of publication, distribution, etc. Bogotá :
Name of publisher, distributor, etc. Universidad Nacional de Colombia,
Date of publication, distribution, etc. 2010
300 ## - PHYSICAL DESCRIPTION
Extent 46 páginas :
Other physical details ilustraciones en blanco y negro ;
Dimensions 17 cm.
490 ## - SERIES STATEMENT
Series statement Señal que cabalgamos ;
Volume/sequential designation 99
505 0# - FORMATTED CONTENTS NOTE
Formatted contents note El cocodrilo -- Explicación falsa de mis cuentos
520 0# - SUMMARY, ETC.
Summary, etc. y de pronto, cuando ya me estaba tranquilizando, tuve una idea: ¿Qué ocurría si yo me pusiera a llorar aquí, delante de toda la gente?
650 14 - SUBJECT ADDED ENTRY--TOPICAL TERM
Topical term or geographic name entry element Literatura uruguaya
9 (RLIN) 13601
650 14 - SUBJECT ADDED ENTRY--TOPICAL TERM
Topical term or geographic name entry element Cuentos
Geographic subdivision Uruguay
9 (RLIN) 13602
942 ## - ADDED ENTRY ELEMENTS (KOHA)
Source of classification or shelving scheme Dewey Decimal Classification
Koha item type Books
Existencias
Withdrawn status Lost status Source of classification or shelving scheme Damaged status Not for loan Home library Current library Shelving location Date acquired Source of acquisition Total Checkouts Full call number Barcode Date last seen Date last checked out Copy number Price effective from Koha item type
    Dewey Decimal Classification     Biblioteca Pública José María del Castillo y Rada Biblioteca Pública José María del Castillo y Rada General Stacks 02/17/2021 Donación 1 A-C HERc 201810344 08/01/2025 07/31/2025 Ej.1 10/02/2020 Books